• 首页
  • 本馆介绍
  • 公告通知
  • 最新文献
  • 馆藏检索
  • 电子资源
  • 读者导购
  • 参考咨询
  • 我的图书馆
  • 登录
  • 详细信息显示
  • 放入我的书架
  • 预约/预借图书
  • 作者相关作品
  • 分类相关作品
  • 丛书相关作品
  • 出版社相关作品

书目信息

  • 表格格式
  • 工作单格式
  • 卡片格式
题名:
Minecraft红石
    
 
作者: 科尔代鲁 著 ;李润恒 , 周天澜 译
分册:  
出版信息: 北京   人民邮电出版社  2016.10
页数: 189页
开本: 21cm
丛书名:
单 册:
中图分类: TP317.63
科图分类:
主题词: 网络游戏--应用软件--程序设计
电子资源:
ISBN: 978-7-115-41610-0
000 01117nam0 2200301 450
001 0400002938
005 20171021162928.0
010    @a978-7-115-41610-0@dCNY39.00
100    @a20160608e2016 em y0chiy50 ea
101 1  @achi@ceng
102    @aCN@b110000
105    @aa z 000yy
106    @ar
200 1  @aMinecraft红石@9Minecraft hong shi@b专著@dMinecraft redstone for dummies@e电控世界@f(美)Jacob Cordeiro著@g李润恒,周天澜译@zeng
210    @a北京@c人民邮电出版社@d2016.10
215    @a189页@c图@d21cm
300    @a达人迷 全彩印刷 便携版
306    @a经过与John Wiley & Sons Inc.协商出版
330    @a本书介绍了如何获取红石、组装各种红石元件,以及学习红石编程基础、逻辑门的设计、生存模式中的十个红石技巧等内容。
510 1  @aMinecraft redstone for dummies@zeng
517 1  @a电控世界@9dian kong shi jie
606 0  @a网络游戏@x应用软件@x程序设计
690    @aTP317.63@v5
701  0 @c(美)@a科尔代鲁@9ke er dai lu@c(Cordeiro, Jacob)@4著
702  0 @a李润恒@9li run heng@4译
702  0 @a周天澜@9zhou tian lan@4译
801  0 @aCN@b91MARC@c20171021
905    @b1021428-31,33@dTP317.63@f5@e345
    
    Minecraft红石=Minecraft redstone for dummies:电控世界/(美)Jacob Cordeiro著/李润恒,周天澜译.-北京:人民邮电出版社,2016.10
    189页:图;21cm
    达人迷 全彩印刷 便携版
    
    ISBN 978-7-115-41610-0:CNY39.00
    本书介绍了如何获取红石、组装各种红石元件,以及学习红石编程基础、逻辑门的设计、生存模式中的十个红石技巧等内容。
●
相关链接 在E读中查询图书 在五车中查询图书 在当当中查询图书 在豆瓣中查询图书


正题名:Minecraft红石     索取号:TP317.63/345         预约/预借

序号 登录号 条形码 馆藏地/架位号 状态 备注
1 1021428   210214285   第二样本阅览室/ [索取号:TP317.63/345] 在馆    
2 1021429   210214294   密集书库—计算机科学学院/ [索取号:TP317.63/345] 在馆    
3 1021430   210214301   第三借阅区/ [索取号:TP317.63/345] 在馆    
4 1021431   210214310   第三借阅区/ [索取号:TP317.63/345] 在馆    
5 1021433   210214338   第三借阅区/ [索取号:TP317.63/345] 在馆    
唐山师范学院图书馆 欢迎您!
大连网信软件有限公司© 版权所有